| 000 | 00422nam a2200169Ia 4500 | ||
|---|---|---|---|
| 003 | GCL | ||
| 008 | 140319s9999 xx 000 0 eng d | ||
| 040 |
_aGCL / _cGCL |
||
| 082 | 0 | 4 |
_a796.75 _bW R |
| 100 | 1 | _aWILLOUGHLY, VIC | |
| 245 | 1 | 0 |
_aThe Racing Motor Cycle / _cWILLOUGHLY, VIC |
| 260 |
_a[S.N] : _bHAM LYN ، _c1980 |
||
| 300 | _a175 P P | ||
| 650 | 0 | 4 | _aRACING |
| 650 | 0 | 4 | _aMOTORCYCLE - RACING |
| 942 |
_2ddc _cBK |
||
| 999 |
_c16708 _d16708 |
||